<?xml version="1.0" encoding="UTF-8"?>
<record
    xmlns:xsi="http://www.w3.org/2001/XMLSchema-instance"
    xsi:schemaLocation="http://www.loc.gov/MARC21/slim http://www.loc.gov/standards/marcxml/schema/MARC21slim.xsd"
    xmlns="http://www.loc.gov/MARC21/slim">

  <leader>01400nam2a2200289 i 4500</leader>
  <controlfield tag="001">RU\NLR\BIBL_A\010018500</controlfield>
  <controlfield tag="005">20241225205233.0</controlfield>
  <datafield tag="010" ind1=" " ind2=" ">
    <subfield code="a">9785000530375</subfield>
    <subfield code="9">2000</subfield>
  </datafield>
  <datafield tag="021" ind1=" " ind2=" ">
    <subfield code="a">RU</subfield>
    <subfield code="b">2013-90290</subfield>
    <subfield code="9">6246</subfield>
  </datafield>
  <datafield tag="035" ind1=" " ind2=" ">
    <subfield code="a">(NLR Aleph) 010018500</subfield>
  </datafield>
  <datafield tag="090" ind1=" " ind2=" ">
    <subfield code="a">9888870</subfield>
    <subfield code="c">9888870</subfield>
  </datafield>
  <datafield tag="100" ind1=" " ind2=" ">
    <subfield code="a">20131225d2013    um y0rusy50      ca</subfield>
  </datafield>
  <datafield tag="101" ind1="1" ind2=" ">
    <subfield code="a">rus</subfield>
    <subfield code="c">und</subfield>
  </datafield>
  <datafield tag="102" ind1=" " ind2=" ">
    <subfield code="a">RU</subfield>
  </datafield>
  <datafield tag="105" ind1=" " ind2=" ">
    <subfield code="a">ac||z|||000yy</subfield>
  </datafield>
  <datafield tag="200" ind1="1" ind2=" ">
    <subfield code="a">&#x41F;&#x435;&#x440;&#x432;&#x43E;&#x437;&#x430;&#x43A;&#x43E;&#x43D;&#x438;&#x435;; &#x41A;&#x43D;. 7: &#x41A;&#x43D;&#x438;&#x433;&#x430; &#x421;&#x443;&#x434;&#x435;&#x431;</subfield>
  </datafield>
  <datafield tag="210" ind1=" " ind2=" ">
    <subfield code="d">2013</subfield>
  </datafield>
  <datafield tag="215" ind1=" " ind2=" ">
    <subfield code="a">447 &#x441;.</subfield>
    <subfield code="c">&#x438;&#x43B;., &#x43F;&#x43E;&#x440;&#x442;&#x440;.</subfield>
    <subfield code="e">1 &#x44D;&#x43B;&#x435;&#x43A;&#x442;&#x440;. &#x43E;&#x43F;&#x442;. &#x434;&#x438;&#x441;&#x43A; (CD-ROM)</subfield>
  </datafield>
  <datafield tag="300" ind1=" " ind2=" ">
    <subfield code="a">&#x422;&#x435;&#x43A;&#x441;&#x442; &#x430;&#x443;&#x434;&#x438;&#x43E;&#x43A;&#x43D;&#x438;&#x433;&#x438; &#x447;&#x438;&#x442;&#x430;&#x435;&#x442; &#x421;&#x435;&#x440;&#x433;&#x435;&#x439; &#x420;&#x443;&#x441;&#x441;&#x43A;&#x438;&#x43D;</subfield>
  </datafield>
  <datafield tag="461" ind1=" " ind2="1">
    <subfield code="1">001RU\NLR\BIBL_A\010414115</subfield>
    <subfield code="1">2001#$a&#x428;&#x440;&#x438;&#x43C;&#x430;&#x434; &#x411;&#x445;&#x430;&#x433;&#x430;&#x432;&#x430;&#x442;&#x430;&#x43C;$v&#x41A;&#x43D;. 6</subfield>
    <subfield code="0">RU\NLR\BIBL_A\010414115</subfield>
    <subfield code="9">9777511</subfield>
    <subfield code="a">&#x412;&#x44C;&#x44F;&#x441;&#x430;</subfield>
    <subfield code="c">&#x41C;&#x43E;&#x441;&#x43A;&#x432;&#x430;</subfield>
    <subfield code="d">2013</subfield>
    <subfield code="e">2-&#x435; &#x438;&#x437;&#x434;.</subfield>
    <subfield code="f">&#x428;&#x440;&#x438; &#x414;&#x432;&#x430;&#x439;&#x43F;&#x430;&#x44F;&#x43D;&#x430; &#x412;&#x44C;&#x44F;&#x441;&#x430;</subfield>
    <subfield code="n">&#x410;&#x43C;&#x440;&#x438;&#x442;&#x430;-&#x420;&#x443;&#x441;&#x44C;</subfield>
    <subfield code="o">&#x41D;&#x435;&#x438;&#x437;&#x440;&#x435;&#x447;&#x435;&#x43D;&#x43D;&#x430;&#x44F; &#x41F;&#x435;&#x441;&#x43D;&#x44C; &#x411;&#x435;&#x437;&#x443;&#x441;&#x43B;&#x43E;&#x432;&#x43D;&#x43E;&#x439; &#x41A;&#x440;&#x430;&#x441;&#x43E;&#x442;&#x44B; : &#x43F;&#x440;&#x43E;&#x438;&#x437;&#x432;&#x435;&#x434;&#x435;&#x43D;&#x438;&#x435; &#x432; 12 &#x43A;&#x43D;&#x438;&#x433;&#x430;&#x445; : [&#x441; &#x442;&#x440;&#x430;&#x43D;&#x441;&#x43B;&#x438;&#x442;&#x435;&#x440;&#x430;&#x446;&#x438;&#x435;&#x439; &#x432; &#x43A;&#x438;&#x440;&#x438;&#x43B;&#x438;&#x446;&#x435; &#x438; &#x43B;&#x438;&#x442;&#x435;&#x440;&#x430;&#x442;&#x443;&#x440;&#x43D;&#x44B;&#x43C; &#x43F;&#x435;&#x440;&#x435;&#x432;&#x43E;&#x434;&#x43E;&#x43C; : &#x434;&#x43B;&#x44F; &#x43B;&#x438;&#x446; &#x441;&#x442;&#x430;&#x440;&#x448;&#x435; 16 &#x43B;&#x435;&#x442;]</subfield>
    <subfield code="t">&#x428;&#x440;&#x438;&#x43C;&#x430;&#x434; &#x411;&#x445;&#x430;&#x433;&#x430;&#x432;&#x430;&#x442;&#x430;&#x43C;</subfield>
    <subfield code="v">&#x41A;&#x43D;. 6</subfield>
  </datafield>
  <datafield tag="517" ind1="1" ind2=" ">
    <subfield code="a">&#x41A;&#x43D;&#x438;&#x433;&#x430; &#x421;&#x443;&#x434;&#x435;&#x431;</subfield>
  </datafield>
  <datafield tag="675" ind1=" " ind2=" ">
    <subfield code="a">233-265.34</subfield>
  </datafield>
  <datafield tag="702" ind1=" " ind2="1">
    <subfield code="a">&#x420;&#x443;&#x441;&#x441;&#x43A;&#x438;&#x43D;</subfield>
    <subfield code="b">&#x421;.</subfield>
    <subfield code="g">&#x421;&#x435;&#x440;&#x433;&#x435;&#x439;</subfield>
    <subfield code="4">005</subfield>
  </datafield>
  <datafield tag="942" ind1=" " ind2=" ">
    <subfield code="c">BOOK</subfield>
  </datafield>
  <datafield tag="980" ind1=" " ind2=" ">
    <subfield code="a">NBR</subfield>
  </datafield>
</record>
